Бригадир; Недоросль; Сатирическая проза; Письма из Петербурга: Для старшего школьного возраста

Bibliografiske detaljer
Hovedforfatter: Фонвизин Д. И. Денис Иванович
Andre forfattere: Стенник Ю. В. (автор предисловия)
Sprog:russisk
Udgivet: Москва, Советская Россия, 1987
Serier:Школьная библиотека
Fag:
Format: MixedMaterials Bog
KOHA link:https://koha.lib.tpu.ru/cgi-bin/koha/opac-detail.pl?biblionumber=121409

MARC

LEADER 00000nam0a2200000 4500
001 121409
005 20231101215657.0
020 |a RU  |b 87-56907 
035 |a (RuTPU)RU\TPU\book\131487 
090 |a 121409 
100 |a 20070913d1987 d a0rusy5003 ca 
101 0 |a rus 
102 |a RU 
105 |a a z 001ay 
200 1 |a Бригадир; Недоросль; Сатирическая проза; Письма из Петербурга  |e Для старшего школьного возраста  |f Д. И. Фонвизин  |g авт. предисл. и примеч. Ю. В. Стенник 
210 |a Москва  |c Советская Россия  |d 1987 
215 |a 268,[3] с.  |c ил.  |d 21 см 
225 1 |a Школьная библиотека 
320 |a Библиогр.: с. 270 (7 назв.) 
610 1 |a русская литература 
610 1 |a сборники 
610 1 |a комедии 
675 |a Р1  |z rus 
700 1 |a Фонвизин  |b Д. И.  |c русский писатель  |f 1744/1745-1792  |g Денис Иванович  |2 stltpush  |3 (RuTPU)RU\TPU\pers\1650  |9 696 
702 1 |a Стенник  |b Ю. В.  |4 080 
801 0 |a RU  |b RuMRKP  |c 19950417  |g psbo 
801 1 |a RU  |b 63413507  |c 20070913  |g PSBO 
801 2 |a RU  |b 63413507  |c 20070913  |g PSBO 
942 |c BK